Το αγιασώτικο καρναβάλι : οι ρίζες του και η πορεία του στο διάβα του χρόνου

Αποθηκεύτηκε σε:
Λεπτομέρειες βιβλιογραφικής εγγραφής
Κύριος συγγραφέας: Κουτσκουδής, Παναγιώτης Μιχ
Μορφή: Βιβλίο
Γλώσσα:Greek
Δημοσίευση: Μυτιλήνη : Αναγνωστήριο Αγιάσου "η Ανάπτυξη", 2009.
Θέματα:
Ετικέτες: Προσθήκη ετικέτας
Δεν υπάρχουν, Καταχωρήστε ετικέτα πρώτοι!

MARC

LEADER 00000cam a2200000 i 4500
001 1/7097
008 100503s2009 gre d
020 |a 978-960-85748-3-0 (set) 
020 |a 978-960-85748-4-7 (τ.1) 
035 |l 10107742 
040 |a GR-MY-UA  |b gre  |e aacr 
041 0 |a gre 
082 0 |a 394.2509495  |2 (22) 
100 1 |a Κουτσκουδής, Παναγιώτης Μιχ. 
245 1 3 |a Το αγιασώτικο καρναβάλι :   |b οι ρίζες του και η πορεία του στο διάβα του χρόνου /   |c Παναγιώτη Μιχ. Κουτσκουδή.  
260 |a Μυτιλήνη :   |b Αναγνωστήριο Αγιάσου "η Ανάπτυξη",   |c 2009.  
300 |a τ. :   |b εικ., πίν., διαγρ.;  |c 25 εκ.  
650 0 |a Carnival   |z Greece  |z Lesbos (Municipality) 
651 0 |a Agiasos (Lesbos Island, Greece)  |x Folklore. 
852 |a INST  |b LESVOS  |e 20100503  |h 394.2509495 ΚΟΥ  |p 005100047015  |q 005100047015  |t BK  |y 0  |z τ.1 
852 |a INST  |b LESVOS  |e 20100503  |h 394.2509495 ΚΟΥ  |p 005100047015  |q 005100047015  |t BK  |v τ.1:  |y 0  |z τ.1 
853 |a INST  |b LESVOS  |h 394.2509495 ΚΟΥ 
901 |a BIBL1-2010-2 
909 |a Λ  |b 163177 
920 |a ΠΝΕΥΜΑΤΙΚΟ ΚΕΝΤΡΟ ΑΝΑΓΝΩΣΤΗΡΙΟ ΑΓΙΑΣΟΥ "Η ΑΝΑΠΤΥΞΗ"  |y ΛΕΣΒΟΣ  |z 2010-03 
970 |a ΓΙΑΛΑΜΑ  |b ΜΑΡΙΑ  |z 2010/05/03